| 000 | 00423nam a2200205Ia 4500 | ||
|---|---|---|---|
| 001 | 12731 | ||
| 003 | GE_BSU | ||
| 008 | 181216s||||||||xx |||||||||||||| ||und|| | ||
| 020 | _a9781444704679 | ||
| 040 | _cGE_BSU | ||
| 080 | _a821.111-31 | ||
| 100 | _aConnolly, John | ||
| 245 | 4 | _aThe Lovers | |
| 260 | _aLondon | ||
| 260 | _bHodder | ||
| 260 | _c2009 | ||
| 300 | _a474p.20cm. | ||
| 653 | _aThe Lovers | ||
| 942 | _cBK | ||
| 999 |
_c45902 _d45902 |
||